000 00224 a2200097 4500
001 59965
100 _a
245 _aMaqadma Tareekh Ibn-e-Khaldoon
260 _aLahore
_bAl-Faisal Nashran
_c
090 _c36806
_d36806
942 _aNUST-CAE
_cMONOGRAPH
_c29787
999 _c295038
_d295038